|
|
|
|
| LEADER |
00925cam a2200253 7i4500 |
| 001 |
0000035128 |
| 005 |
20210107090000.0 |
| 008 |
100724 eng |
| 020 |
|
|
|a 9780443101809 (hbk.)
|
| 020 |
|
|
|a 0443101809 (hbk.)
|
| 090 |
0 |
0 |
|a RC406.Q33
|b B76 2006
|
| 100 |
1 |
|
|a Bromley, Ida
|
| 245 |
1 |
0 |
|a Tetraplegia and paraplegia :
|b a guide for physiotherapists
|c by Ida Bromley.
|
| 250 |
|
|
|a 6th ed.
|
| 260 |
|
|
|a Edinburgh:
|b Churchill Livingstone,
|c 2006.
|
| 300 |
|
|
|a x, 416 p.:
|b ill.;
|c 26 cm.
|
| 504 |
|
|
|a Includes bibliographical references and index
|
| 650 |
0 |
0 |
|a Paraplegia --
|x Physical therapy
|
| 650 |
0 |
0 |
|a Quadriplegia --
|x Physical therapy
|
| 997 |
|
|
|a Health Sciences, Faculty
|
| 998 |
|
|
|a Physiotherapy, Diploma
|
| 999 |
|
|
|a 0000025462
|b BOK
|c OPEN SHELF
|e SHAH ALAM
|
| 999 |
|
|
|a 0000043645
|b BOK
|c OPEN SHELF
|e 1st Floor, Shah Alam
|
| 999 |
|
|
|a 0000043646
|b BOK
|c OPEN SHELF
|e 1st Floor, Shah Alam
|